01007nam a22002894a 450000500170000000800410001701000140005802000250007203500130009703700150011004000180012508200130014324500780015625000130023426000460024727000460029330000330033950400510037265000270042370000200045070000250047070000230049570000220051894200270054099900170056795201330058420060322135206.0031212s2005 njua b 001 0 eng  aENG-91214 a978120335684c595.00 aEN-74747 bDBAD / PUB adplbEnglish  a658.1511 aIntroduction to management accounting /cby Charles T. Horngren...[et.al] a14th ed. aNew Delhi bPrentice Hall of India c2008 aM-97, Connaught CircusbNew Delhie110001 aVarious pagings c29 cm(pbk) aIncludes bibliographical references and index. aManagerial accounting. aSundem, Gary L. aStratton, William O. aBurgstahler, David aSchatzberg, Jeff  2ddccENh658.1511mINT c16369d16369 00102ddc40718NFICaDBADbDBADd2008-10-08g595.00l0o658.1511 INTpEN-74747r2008-10-08 00:00:00t1v595.00w2008-10-08yEN